| 000 | 01324nam a22003254a 4500 | ||
|---|---|---|---|
| 001 | ebr10014688 | ||
| 003 | CaPaEBR | ||
| 006 | m u | ||
| 007 | cr cn||||||||| | ||
| 008 | 000630s2001 ne a sb 001 0 eng | ||
| 010 | _z 00058559 | ||
| 020 | _z9027223572 (Eur.) | ||
| 020 | _z155619983X (US : alk. paper) | ||
| 040 |
_aCaPaEBR _cCaPaEBR |
||
| 035 | _a(OCoLC)179118880 | ||
| 050 | 1 | 4 |
_aP299.M6 _bN892 2001eb |
| 082 | 0 | 4 |
_a415 _221 |
| 100 | 1 | _aNuyts, Jan. | |
| 245 | 1 | 0 |
_aEpistemic modality, language, and conceptualization _h[electronic resource] : _ba cognitive-pragmatic perspective / _cJan Nuyts. |
| 260 |
_aAmsterdam ; _aPhiladelphia : _bJ. Benjamins, _cc2001. |
||
| 300 |
_axix, 428 p. : _bill. |
||
| 490 | 1 |
_aHuman cognitive processing, _x1387-6724 ; _vv. 5 |
|
| 504 | _aIncludes bibliographical references (p. [369]-382) and indexes. | ||
| 533 |
_aElectronic reproduction. _bPalo Alto, Calif. : _cebrary, _d2013. _nAvailable via World Wide Web. _nAccess may be limited to ebrary affiliated libraries. |
||
| 650 | 0 | _aModality (Linguistics) | |
| 655 | 7 |
_aElectronic books. _2local |
|
| 710 | 2 | _aebrary, Inc. | |
| 830 | 0 |
_aHuman cognitive processing ; _vv. 5. |
|
| 856 | 4 | 0 |
_uhttp://site.ebrary.com/lib/rucke/Doc?id=10014688 _zAn electronic book accessible through the World Wide Web; click to view |
| 999 |
_c13227 _d13227 |
||